000 00687nam a2200301Ia 4500
005 20260401122143.0
008 008 250103s9999 xx 000 0 eng d
020 _a140272127
037 _aTB
040 _aEDL
040 _beng
040 _cEDL
041 _2eng
041 _aeng
084 _a891.4393 MAN
084 _qEDL
100 _aManto, Saadat Hasan
245 0 _aMottled Dawn: Fifty Sketches and Stories of Partition
245 0 _cManto, Saadat Hasan
260 _aNew Delhi
260 _bPenguin Books
260 _c1991
300 _a214p
942 _cTB
942 _h891.4393 MAN
999 _c1845293
_d1845293